Neziskové organizácie vybrané problémy ekonomiky a manažmentu neziskových organizácií
Saved in:
| Main Author: | |
|---|---|
| Corporate Author: | |
| Other Authors: | , |
| Format: | Book |
| Language: | Slovak |
| Published: |
Bratislava
Sprint dva
2009
|
| Series: | Economics
|
| Subjects: | |
| Tags: |
No Tags, Be the first to tag this record!
|
MARC
| LEADER | 00000nam$a2200000$$$4500 | ||
|---|---|---|---|
| 001 | 0104806 | ||
| 005 | 20240502072142.1 | ||
| 020 | |a 978-80-89393-12-1 | ||
| 041 | 0 | |a slo | |
| 044 | |a SK | ||
| 245 | 1 | 0 | |a Neziskové organizácie |b vybrané problémy ekonomiky a manažmentu neziskových organizácií |c Helena Majdúchová |
| 264 | 1 | |a Bratislava |b Sprint dva |c 2009 | |
| 300 | |a 176 s. | ||
| 490 | 1 | |a Economics | |
| 830 | 0 | |a Economics | |
| 610 | 2 | 0 | |a organizácie neziskové |
| 610 | 2 | 0 | |a legislatíva |
| 610 | 2 | 0 | |a hospodárstvo trhové |
| 610 | 2 | 0 | |a manažment |
| 610 | 2 | 0 | |a manažment strategický |
| 610 | 2 | 0 | |a manažment personálny |
| 610 | 2 | 0 | |a dobrovoľníctvo |
| 610 | 2 | 0 | |a financovanie |
| 610 | 2 | 0 | |a zdroje finančné |
| 610 | 2 | 0 | |a marketing |
| 100 | 1 | |a Majdúchová, Helena, 1963- | |
| 700 | 1 | |a Majtán, Štefan | |
| 700 | 1 | |a Hajduch, Ľudovít | |
| 710 | 2 | |a Ekonomická univerzita v Bratislave | |